| 000 | 00728nam a2200217 a 4500 | ||
|---|---|---|---|
| 003 | DO-SdBNP | ||
| 005 | 20221019143848.0 | ||
| 007 | ta | ||
| 008 | 221019t2001 dr acd|gr|||| 00| 0deng d | ||
| 040 |
_aDO-SdBNP _bspa _cBNPHU |
||
| 082 | 4 |
_222 _bT238 a |
|
| 245 | 1 | 0 |
_aA teacher´s guide to the land and other books by. / _cMildred D. Taylor |
| 260 |
_aHudson Street, NEw York : _bPenguin Putnam Books for Young Reader, _c2001 |
||
| 300 |
_a[16] p. : _bil., fotograf., gráf.; _c21 cm. |
||
| 500 | _aIncluye datos biográficos de la autora en la p.12 | ||
| 590 | _aInventariado 2022 / MF | ||
| 650 | 4 |
_92636 _aMaestros _xGuías |
|
| 650 | 4 |
_953282 _aLibros de Lectura Para Jóvenes _xGuías |
|
| 910 | _aMFeliz | ||
| 942 |
_2ddc _cLF2 |
||
| 999 |
_c52585 _d52585 |
||